书目信息 |
| 题名: |
国家建筑标准设计图集. 06R115, 地源热泵冷热源机房设计与施工
|
|
| 作者: | ;中国建筑标准设计研究组织 编制 | |
| 分册: | ||
| 出版信息: | 北京 中国计划出版社 2006.12 |
|
| 页数: | 82页 | |
| 开本: | 19×26cm | |
| 丛书名: | ||
| 单 册: | ||
| 中图分类: | TU83-64 | |
| 科图分类: | ||
| 主题词: | 建筑--空气调节 , 房屋建筑设备:空气调节设备 , 房屋建筑设备:采暖设备 , 建筑--通风 , 房屋建筑设备:通风设备 | |
| 电子资源: | ||
| ISBN: | 7-80177-633-X | |
| 000 | 00969nam0 2200241 450 | |
| 001 | 1562261057 | |
| 005 | 20150424172005.17 | |
| 010 | @a7-80177-633-X@dCNY29.00 | |
| 100 | @a20150424d2006 km y0chiy0120 ea | |
| 101 | 0 | @achi |
| 102 | @aCN@b110000 | |
| 200 | 1 | @a国家建筑标准设计图集. 06R115, 地源热泵冷热源机房设计与施工@Aguo jia jian zhu biao zhun she ji tu ji.06R115,di yuan re beng leng re yuan ji fang she ji yu shi gong@f中国建筑标准设计研究组织编制@Fzhong guo jian zhu biao zhun she ji yan jiu zu zhi bian zhi |
| 210 | @a北京@c中国计划出版社@d2006.12 | |
| 215 | @a82页@d19×26cm | |
| 606 | 0 | @a建筑@x空气调节 |
| 606 | 0 | @a房屋建筑设备:空气调节设备 |
| 606 | 0 | @a房屋建筑设备:采暖设备 |
| 606 | 0 | @a建筑@x通风 |
| 606 | 0 | @a房屋建筑设备:通风设备 |
| 690 | @aTU83-64@v4 | |
| 711 | 02 | @a中国建筑标准设计研究组织@Azhong guo jian zhu biao zhun she ji yan jiu zu zhi@4编制 |
| 801 | 0 | @aCN@b大连网信软件有限公司图书馆·11@c20150424 |
| 905 | @aZUCC@dTU83-64@eZ5671 | |
| 国家建筑标准设计图集. 06R115, 地源热泵冷热源机房设计与施工/中国建筑标准设计研究组织编制.-北京:中国计划出版社,2006.12 |
| 82页;19×26cm |
| ISBN 7-80177-633-X:CNY29.00 |
| ● |
| 相关链接 |
|
|
|
正题名:国家建筑标准设计图集. 06R115, 地源热泵冷
索取号:TU83-64/Z5671
 
预约/预借
| 序号 | 登录号 | 条形码 | 馆藏地/架位号 | 状态 | 备注 |
| 1 | 496485 | 204964850 | 能源与建筑环境工程学院资料室/ [索取号:TU83-64/Z5671] | 在馆 | |
| 2 | 496486 | 204964869 | 能源与建筑环境工程学院资料室/ [索取号:TU83-64/Z5671] | 在馆 |